000 00715nam a2200241Ia 4500
001 17116
003 GE_BSU
008 181216s||||||||xx |||||||||||||| ||und||
040 _cGE_BSU
080 _a821.353.1-31
100 _aბიჭიაშვილი, გ. (გარსევან)
245 _aდაბადების დღე
245 _bრომანი
245 _cრედ: გ. გვერდწითელი
260 _aთბილისი
260 _bმერანი
260 _c1988
300 _a158 გვ. : პორტრ. ; 20სმ
541 _h20თ.
653 _aდაბადების დღე
653 _aრომანი
942 _cBK
999 _c50178
_d50178